01287pam a2200325Ia 4500001001100000003000800011006001900019007001500038008004100053010001700094020002800111040002100139035002000160050002600180082001500206100001800221245009800239260006300337300002300400504006600423533015200489650003800641650004900679650002400728650002100752655002900773710001700802856012500819999001700944ebr5000152CaPaEBRm u cr cn|||||||||990414s2000 paua sb 001 0 eng d z 99029156  z1556197586 (alk. paper) aCaPaEBRcCaPaEBR a(OCoLC)5069844514aBF463.I58bJ38 2000eb04a401/.92211 aJay, Timothy.10aWhy we curseh[electronic resource] :ba neuro-psycho-social theory of speech /cTimothy Jay. aPhiladelphia :bJohn Benjamins Publishing Company,cc2000. axv, 328 p. :bill. aIncludes bibliographical references (p. [277]-317) and index. aElectronic reproduction.bPalo Alto, Calif. :cebrary,d2013.nAvailable via World Wide Web.nAccess may be limited to ebrary affiliated libraries. 0aInvectivexPsychological aspects. 0aBlessing and cursingxPsychological aspects. 0aThreat (Psychology) 0aVerbal behavior. 7aElectronic books.2local2 aebrary, Inc.40uhttp://site.ebrary.com/lib/rucke/Doc?id=5000152zAn electronic book accessible through the World Wide Web; click to view c17617d17617